000 01162nam a2200313 i 4500
001 53953
003 ES-MaACL
005 20250828091922.0
007 t|
008 031119s2002 sp af c |||| | spa d
020 _a84-362-4483-4
080 _a017.1(460.27 M.)
080 _a016:094"15/18"
080 _a016:091"15/17"
110 2 _aUniversidad Nacional de Educación a Distancia (España).
_bBiblioteca
_97406
245 1 0 _aCatálogo de manuscritos e impresos antiguos en la Biblioteca de la UNED /
_cMª Ascención Hernández Vázquez.
250 _a1ª ed.
260 _aMadrid :
_bUNED,
_c2002.
300 _a166 p., [6] p. de lám. col. :
_bil. ;
_c25 cm.
490 1 _aVaria
500 _aÍndices.
504 _aBibliografía: p. [29]-32.
650 1 4 _aLibros antiguos-
_zUniversidad Nacional de Educación a Distancia (España). Biblioteca-
_vCatálogos.
_9163409
650 1 4 _aManuscritos-
_zUniversidad Nacional de Educación a Distancia (España). Biblioteca-
_vCatálogos.
_9163410
700 1 _aHernández Vázquez, María Ascensión.
_963069
830 0 _aVaria
_9180562
852 _aES-MaACL
_jL-26741
999 _c53953
_d53953